00665 2200277 4500001002100000005001500021035002000036008004100056245004200097100002700139250000600166260003200172300002900204020002200233084001400255082000800269650001400277990001200291990001200303990001200315990001200327990001200339990001200351990001200363990001200375INLIS00000000000012120240502104651 a0010-0424000097240502 0 ind 1 aPJOK Kelas X /cSudrajat Wiradihardja aWiradihardja, Sudrajat a1 aJakarta :bKEMDIKBUD,c2017 a214 hlm ;c17 cm x 25 cm a978-602-427-130-5 a700 SUD p a700 4aNon Fiksi a0737567 a0737568 a0737569 a0737570 a0737571 a0737572 a0737573 a0737574